| 000 | 00439nam a22001457a 4500 | ||
|---|---|---|---|
| 008 | 201027b ||||| |||| 00| 0 eng d | ||
| 082 |
_a912.54 _bISL |
||
| 100 | _aISRO | ||
| 110 | _aNRSC | ||
| 245 |
_aLand Use Land Cover Atlas of Inida : _bBased on Multi-temporal Satellite Data of 2005-06 |
||
| 260 |
_aHyderabad _bISRO, Dept. of Space Govt. of India _c2011 |
||
| 300 | _a128p. | ||
| 650 |
_aGENERAL BOOKS _bAtlas of India |
||
| 942 | _cGBK | ||
| 999 |
_c40859 _d40859 |
||